Diplomat in Berlin, 1933-1939
| Titel: | Diplomat in Berlin, 1933-1939 : papers and memoirs of Józef Lipski, Ambassador of Poland / Józef Lipski. Ed. by Wacław Jȩdrzejewicz |
|---|---|
| Verfasser: | |
| Beteiligt: | |
| Veröffentlicht: | New York [u.a.] : Columbia Univ. Press, 1968 |
| Umfang: | XXXVI, 679 S. : Ill. |
| Format: | Buch |
| Sprache: | Englisch |
| RVK-Notation: |
·
|
X
alg: 11881829
001A $03004:09-02-04
001B $01999:18-10-24 $t19:07:46.000
001C $00017:18-12-06 $t09:40:13.000
001D $03004:09-02-04
001U $0utf8
001X $00
002@ $0Aau
003@ $0118818295
003O $000396790 $aOCoLC
007A $0118818295 $aHEB
007T $0Herdhh118818295
010@ $aeng
011@ $a1968
013H $0z
021A $aDiplomat in Berlin, 1933-1939 $dpapers and memoirs of Józef Lipski, Ambassador of Poland $hJózef Lipski. Ed. by Wacław Jȩdrzejewicz
028A $#Lipski, Josef $7124790534 $8Lipski, Józef$Z1894-1958 [Tp1] $911238059X
028C $BHrsg. $D20231015 $Ecgwrk $7119343320 $8Jędrzejewicz, Wacław$Z1893-1993 [Tp1] $9087683121
033A $pNew York {[u.a.] $nColumbia Univ. Press
034D $aXXXVI, 679 S.
034M $aIll.
045B $a327.430438 $ALoC $eDDCoclc
045F $a900.943809041 $eDDC23BSB
045F/01 $a900
045F/03 $f09041
045F/03 $f09042
045F/03 $f09043
045F/03 $g438
045G $a929.09438 $eDDC23BSB
045G/01 $a929
045G/03 $g438
045Z $8NQ 2460 [Tkv] $9410912379
045Z $8NQ 4825 [Tkv] $9410914886
046M $aLiteraturverz. S. [653] - 660
lok: 11881829 8
exp: 11881829 8 1 #EPN
201B/01 $003-05-23 $t19:34:40.000
201C/01 $018-12-06
201U/01 $0utf8
203@/01 $0497045044
208@/01 $a18-12-06 $bz
209A/01 $a/NQ 4825 J44 $du $f001 $x00
209B/01 $aa025 $x05
209C/01 $aZG 3819
209G/01 $a53160956 $x00
209G/01 $a1. Obergeschoss $x01
247C/01 $8611001-0 <17/1>Darmstadt, TU Darmstadt, Universitäts- und Landesbibliothek - Schloss $9102595887
lok: 11881829 24
101B $028-09-06 $t16:59:56.000
101C $009-02-04
145Z/01 $a2 L 411
145Z/02 $a32 7 L
101U $0utf8
exp: 11881829 24 1 #EPN
201B/01 $004-04-12 $t12:25:59.000
201C/01 $009-02-04
201U/01 $0utf8
203@/01 $020898710X
208@/01 $a09-02-04 $br
209A/01 $a2 L 411 $du $f050 $h2 L 411 $x00
209C/01 $a2320 K 68 $h68 2320 K
209G/01 $a70676044 $x00
220C/01 $aneu
244Z/01 $#Lipski, Josef $7124790534 $8--Tp1--Lipski, Józef$Z1894-1958 $x01 $911238059X
247C/01 $8358050-7 Marburg, Bibliothek des Herder-Instituts Marburg $9102600961
lok: 11881829 78
exp: 11881829 78 1 #EPN
201B/01 $011-01-18 $t23:08:17.000
201U/01 $0utf8
203@/01 $0793816734
208@/01 $a12-11-16 $be
209A/01 $a/ $f000 $x00
220C/01 $aAnmerkung: *NG
237A/01 $aweiterführende Signatur(en): Herder-Institut: 2 L 411
244Z/01 $2Trx $#Poola $#Lenkija $#Polija $#Polen Land $#Poland $#Lengyelország $#Poľsko $#Polsko $8--Trx--Polska$gkraj $x01 $9391345966
244Z/01 $2Trx $#Saksamaa $#Vokietija $#Vācija $#Germany $#Németország $#Niemcy $#Nemecko $#Německo $8--Trx--Deutschland $x02 $9391300032
244Z/01 $#Berlin $#Berlin $#柏林 $#Großberlin $#Groß-Berlin $#Haupt- und Residenz-Stadt Berlin $#Reichshauptstadt Berlin $#Berlino $#Berolino $#Stadtgemeinde Berlin $#Hauptstadt Berlin $#Birlīn $#Barlīn $#Berolinon $#Land Berlin $#Coloniae Brandenburgicae $#Berlinum $#Verolino $#Berolinum $#Cölln an der Spree $#Colonia Brandenburgica $#Colonia Marchica $#Cöln an der Spree $#"Besonderes Gebiet" Berlin $#Gross-Berlin $74005728-8 $8--Tgz--Berlin $x03 $9085007188
244Z/01 $aGeschichte 1933-1939 $x04
244Z/01 $2Trx $8--Trx--Lipski, Józef$Z1894-1958 $x05 $9390735000
244Z/01 $2Trx $#diplomaadid $#diplomatai $#diplomats $#diplomaták $#dyplomaci $#diplomati $#diplomaté $8--Trx--Diplomaten $x06 $9391380419
244Z/01 $2Trx $#mälestused $#atsiminimai $#Memoirs $#emlékezések $#wspomnienia $#spomienky $#vzpomínky $#memuaarid $#Memoiren $#pamiętniki $#pamäti $#paměti $8--Trx--Erinnerungen $x07 $9391357727
244Z/01 $2Trx $#suhted, Poola-Saksa $#santykiai, lenkų ir vokiečių $#relations, German-Polish $#kapcsolatok, lengyel-német $#stosunki niemiecko-polskie $#vzťahy nemecko-poľské $#vztahy německo-polské $8--Trx--Beziehungen, deutsch-polnische $x08 $9391368397
244Z/01 $2Trx $8--Trx--Monographie $x09 $9391384546
245Z/01 $a12.03 $x01
247C/01 $82080>Marburg/Lahn, Herder-Institut, Forschungsbibliothek, Bibliographieportal $9336309341
lok: 11881829 204
exp: 11881829 204 1 #EPN
201B/01 $002-11-11 $t12:14:14.000
201C/01 $002-11-11
201U/01 $0utf8
203@/01 $0632616903
208@/01 $a02-11-11 $bzUB
209A/01 $aFH OstGe P 11 c / 9 $du $f000 $hfh ostge p 11 c 9 $x00
209G/01 $a61103724 $x00
245S/01 $a10200 $x01
247C/01 $8631000-x <26>Gießen, Universität Gießen, Universitätsbibliothek Gießen $9102596697
| LEADER | 00000cam a2200000 c 4500 | ||
|---|---|---|---|
| 001 | 118818295 | ||
| 003 | DE-603 | ||
| 005 | 20241018190746.0 | ||
| 007 | tu | ||
| 008 | 040209s1968 xx |||| | u00||u|eng c | ||
| 035 | |a (DE-599)HEB118818295 | ||
| 035 | |a (OCoLC)00396790 | ||
| 040 | |a DE-603 |b ger |c DE-603 |d DE-603 | ||
| 041 | |a eng | ||
| 082 | 0 | 4 | |8 1\u |a 900.943809041 |q DE-101 |2 23/BSB |
| 083 | 0 | |8 2\u |a 929.09438 |q DE-101 |2 23/BSB | |
| 083 | 7 | |8 3\p |a 327.430438 |2 oc/lc | |
| 084 | |a NQ 2460 |0 (DE-625)128266: |0 (DE-603)410912379 |2 rvk | ||
| 084 | |a NQ 4825 |0 (DE-625)128517: |0 (DE-603)410914886 |2 rvk | ||
| 085 | |8 1\u |b 900 | ||
| 085 | |8 1\u |z 1 |s 09041 | ||
| 085 | |8 1\u |z 1 |s 09042 | ||
| 085 | |8 1\u |z 1 |s 09043 | ||
| 085 | |8 1\u |z 2 |s 438 | ||
| 085 | |8 2\u |b 929 | ||
| 085 | |8 2\u |z 2 |s 438 | ||
| 100 | 1 | |a Lipski, Józef |d 1894-1958 |0 (DE-603)11238059X |0 (DE-588)124790534 |2 gnd | |
| 245 | 0 | 0 | |a Diplomat in Berlin, 1933-1939 |b papers and memoirs of Józef Lipski, Ambassador of Poland |c Józef Lipski. Ed. by Wacław Jȩdrzejewicz |
| 264 | 1 | |a New York [u.a.] |b Columbia Univ. Press |c 1968 | |
| 300 | |a XXXVI, 679 S. |b Ill. | ||
| 504 | |a Literaturverz. S. [653] - 660 | ||
| 700 | 1 | |a Jędrzejewicz, Wacław |d 1893-1993 |e Hrsg. |4 edt |0 (DE-603)087683121 |0 (DE-588)119343320 |2 gnd | |
| 883 | 0 | |8 3\p |q LoC | |
| 924 | 0 | |9 17/1 |a (DE-603)497045044 |b DE-17-1 |c HES |d b |g /NQ 4825 J44 |h 1. Obergeschoss | |
| 924 | 0 | |9 Mb 50 |a (DE-603)20898710X |b DE-Mb50 |c HES |d c |g 2 L 411 | |
| 924 | 0 | |9 2080 |a (DE-603)793816734 |b DE-2080 |c HES |d d |g / | |
| 924 | 0 | |9 26 |a (DE-603)632616903 |b DE-26 |c HES |d c |g FH OstGe P 11 c / 9 | |


